• 首页
  • 本馆介绍
  • 公告通知
  • 最新文献
  • 馆藏检索
  • 电子资源
  • 读者导购
  • 参考咨询
  • 我的图书馆
  • 登录
  • 详细信息显示
  • 放入我的书架
  • 预约/预借图书
  • 作者相关作品
  • 分类相关作品
  • 丛书相关作品
  • 出版社相关作品

书目信息

  • 表格格式
  • 工作单格式
  • 卡片格式
题名:
电脑维护与故障排除傻瓜书
    
 
作者: ;九天科技 编著
分册:  
出版信息: 北京   中国铁道出版社  2017
页数: 276页
开本: 26cm
丛书名:
单 册:
中图分类: TP307 , TP316.7
科图分类:
主题词: 计算机维护--ji suan ji wei hu--基本知识 , 电子计算机--dian zi ji suan ji--故障修复--基本知识 , Windows操作系统--Windows cao zuo xi tong--基本知识
电子资源:
ISBN: 978-7-113-22884-2
000 01130nam0 2200289 450
001 012001002408
005 20140101084302.0
010    @a978-7-113-22884-2@dCNY49.80
099    @aCAL 012017092296
100    @a20170608d2017 em y0chiy50 ea
101 0  @achi
102    @aCN@b110000
105    @aak z 000yy
106    @ar
200 1  @a电脑维护与故障排除傻瓜书@Adian nao wei hu yu gu zhang pai chu sha gua shu@f九天科技编著
210    @a北京@c中国铁道出版社@d2017
215    @a276页@c图@d26cm
300    @aWindows 10适用
330    @a本书主要针对电脑在日常应用过程中可能出现的各种故障,以解决实际问题为主旨,深入讲解了各种常见电脑故障的诊断与排除方法,内容涉及BIOS和注册表故障、硬件常见故障、电脑外设故障、系统常见故障、常用软件故障、常见网络故障、Internet故障。
606 0  @a计算机维护@Aji suan ji wei hu@x基本知识
606 0  @a电子计算机@Adian zi ji suan ji@x故障修复@x基本知识
606 0  @aWindows操作系统@AWindows cao zuo xi tong@x基本知识
690    @aTP307@v4
690    @aTP316.7@v4
711 02 @a九天科技@Ajiu tian ke ji@4编著
801  0 @aCN@b北京卓展@c20191020
905    @b1203338-41@dTP307@e948@f4
    
    电脑维护与故障排除傻瓜书/九天科技编著.-北京:中国铁道出版社,2017
    276页:图;26cm
    Windows 10适用
    
    ISBN 978-7-113-22884-2:CNY49.80
    本书主要针对电脑在日常应用过程中可能出现的各种故障,以解决实际问题为主旨,深入讲解了各种常见电脑故障的诊断与排除方法,内容涉及BIOS和注册表故障、硬件常见故障、电脑外设故障、系统常见故障、常用软件故障、常见网络故障、Internet故障。
●
相关链接 在E读中查询图书 在五车中查询图书 在当当中查询图书 在豆瓣中查询图书


正题名:电脑维护与故障排除傻瓜书     索取号:TP307/948         预约/预借

序号 登录号 条形码 馆藏地/架位号 状态 备注
1 1203338   212033388   第二样本阅览室/ [索取号:TP307/948] 在馆    
2 1203339   212033397   第三借阅区/ [索取号:TP307/948] 在馆    
3 1203340   212033404   第三借阅区/ [索取号:TP307/948] 在馆    
4 1203341   212033413   第三借阅区/ [索取号:TP307/948] 在馆    
唐山师范学院图书馆 欢迎您!
大连网信软件有限公司© 版权所有